Normal view
MARC view
- تأليف والرستاين، ايمانويل؛ ترجمة محمود الذوادي
Entry Personal Name
001 - CONTROL NUMBER
- control field: 52435
003 - CONTROL NUMBER IDENTIFIER
- control field: JO-AjAnu
005 - DATE AND TIME OF LATEST TRANSACTION
- control field: 20230606082623.0
008 - FIXED-LENGTH DATA ELEMENTS
- fixed length control field: 230606|| aca||aabn | a|a d
040 ## - CATALOGING SOURCE
- Original cataloging agency: JO-AjAnu
- Transcribing agency: JO-AjAnu
100 ## - HEADING--PERSONAL NAME
- Personal name: تأليف والرستاين، ايمانويل؛ ترجمة محمود الذوادي
670 ## - SOURCE DATA FOUND
- Source citation: Work cat.: (JO-AjAnu)26795: تأليف والرستاين، ايمانويل؛ ترجمة محمود الذوادي, author, علم الاجتماع الغربي: مساءلة ومحاكمة : كبير علماء الاجتماع يراجع فكر الرواد